Teaching my mother how to give birth / (Record no. 30605)
[ view plain ]
| 000 -LEADER | |
|---|---|
| fixed length control field | 01100cam a2200313 i 4500 |
| 001 - CONTROL NUMBER | |
| control field | 19168194 |
| 005 - DATE AND TIME OF LATEST TRANSACTION | |
| control field | 20191205113326.0 |
| 008 - FIXED-LENGTH DATA ELEMENTS--GENERAL INFORMATION | |
| fixed length control field | 160708t20112011enk 000 pdeng c |
| 010 ## - LIBRARY OF CONGRESS CONTROL NUMBER | |
| LC control number | 2016417135 |
| 020 ## - INTERNATIONAL STANDARD BOOK NUMBER | |
| International Standard Book Number | 9781905233298 (pbk.) |
| 020 ## - INTERNATIONAL STANDARD BOOK NUMBER | |
| International Standard Book Number | 1905233299 (pbk.) |
| 035 ## - SYSTEM CONTROL NUMBER | |
| System control number | (OCoLC)ocn829114126 |
| 040 ## - CATALOGING SOURCE | |
| Original cataloging agency | GZM |
| Language of cataloging | eng |
| Transcribing agency | GZM |
| Description conventions | rda |
| Modifying agency | CPL |
| -- | OCLCQ |
| -- | OCLCO |
| -- | PSC |
| -- | BUF |
| -- | OCLCF |
| -- | BUF |
| -- | NLE |
| -- | OCLCO |
| -- | YDXCP |
| -- | OVY |
| -- | BKL |
| -- | OCLCQ |
| -- | VP@ |
| -- | OCL |
| -- | DLC |
| 042 ## - AUTHENTICATION CODE | |
| Authentication code | pcc |
| 050 00 - LIBRARY OF CONGRESS CALL NUMBER | |
| Classification number | PR6119.H518 |
| Item number | A6 2011 |
| 100 1# - MAIN ENTRY--PERSONAL NAME | |
| Personal name | Shire, Warsan, |
| Dates associated with a name | 1988- |
| 240 10 - UNIFORM TITLE | |
| Uniform title | <a href="Poems.">Poems.</a> |
| Form subheading | Selections |
| 245 10 - TITLE STATEMENT | |
| Title | Teaching my mother how to give birth / |
| Statement of responsibility, etc. | Warsan Shire. |
| 260 ## - PUBLICATION, DISTRIBUTION, ETC. (IMPRINT) | |
| Place of publication, distribution, etc. | London : |
| Name of publisher, distributor, etc. | Mouthmark, |
| Date of publication, distribution, etc. | ©2011 |
| 300 ## - PHYSICAL DESCRIPTION | |
| Extent | 34 pages ; |
| Dimensions | 22 cm. |
| 490 1# - SERIES STATEMENT | |
| Series statement | Mouthmark series ; |
| Volume/sequential designation | no. 10 |
| 650 ## - SUBJECT ADDED ENTRY--TOPICAL TERM | |
| Topical term or geographic name as entry element | English poetry |
| Chronological subdivision | 21st century. |
| 650 ## - SUBJECT ADDED ENTRY--TOPICAL TERM | |
| Topical term or geographic name as entry element | Somali poetry |
| 650 ## - SUBJECT ADDED ENTRY--TOPICAL TERM | |
| Topical term or geographic name as entry element | Mothers |
| General subdivision | Poetry. |
| 830 #0 - SERIES ADDED ENTRY--UNIFORM TITLE | |
| Uniform title | Mouthmark series ; |
| Volume number/sequential designation | no. 10. |
| 906 ## - LOCAL DATA ELEMENT F, LDF (RLIN) | |
| a | 7 |
| b | cbc |
| c | pccadap |
| d | 3 |
| e | ncip |
| f | 20 |
| g | y-gencatlg |
| 942 ## - ADDED ENTRY ELEMENTS (KOHA) | |
| Source of classification or shelving scheme | |
| Koha item type | Africana (Books) |
| Classification part | PR6119.H518A6 2011 |
| Withdrawn status | Lost status | Source of classification or shelving scheme | Damaged status | Not for loan | Home library | Current library | Shelving location | Date acquired | Source of acquisition | Cost, normal purchase price | Total Checkouts | Full call number | Barcode | Date last seen | Price effective from | Koha item type |
|---|---|---|---|---|---|---|---|---|---|---|---|---|---|---|---|---|
| MACHAKOS UNIVERSITY LIBRARY | MACHAKOS UNIVERSITY LIBRARY | Africana | 27/11/2019 | corporate campus | 844.00 | PR6119 .H518A6 2011 | 23175 | 05/12/2019 | 27/11/2019 | Africana (Books) | ||||||
| MACHAKOS UNIVERSITY LIBRARY | MACHAKOS UNIVERSITY LIBRARY | Africana | 27/11/2019 | corporate campus | 844.00 | PR6119 .H518A6 2011 | 23176 | 27/11/2019 | 27/11/2019 | Africana (Books) | ||||||
| MACHAKOS UNIVERSITY LIBRARY | MACHAKOS UNIVERSITY LIBRARY | Africana | 27/11/2019 | corporate campus | 844.00 | PR6119 .H518A6 2011 | 23177 | 27/11/2019 | 27/11/2019 | Africana (Books) |